000 00570cam a2200169 i 4500
020 _a2853190080 (v. 1) :
040 _cDLC
082 0 0 _a635 PRE 1974
100 1 _aMessiaen, Charles-Maire.
245 1 3 _aLe potager tropical /
260 _aParis :
_bPresses universitaires de France ;
_aParis (105, rue de Lille, 75007) :
_bConseil international de la langue française,
_c1974.
300 _a3 v. (567 p.) :
_bill. ;
_c21 cm.
490 0 _aTechniques vivantes : Section Agronomie tropicale
650 0 _aTruck farming
650 0 _aTropical vegetables.
942 _cEK
999 _c11297
_d11297